000 00401nam a22001577a 4500
005 20180316115016.0
008 180315b xxu||||| |||| 00| 0 eng d
020 _a978-81-7533-126-6
041 _aeng
082 _a658.477
100 _aJAT, DR. B.C.
_94191
245 _aNATURAL HAZARDS AND DISASTER MANAGEMENT
260 _aNEW DELHI
_bMD PUBLICATION PVT LTD
_c2008
300 _a220p
942 _cBK
999 _c5683
_d5681